| 000 | 00491nam a22001697a 4500 | ||
|---|---|---|---|
| 003 | OSt | ||
| 008 | 260506b |||||||| |||| 00| 0 eng d | ||
| 082 |
_a635.7 _bS33I |
||
| 100 | _aSharma, Shri Kant | ||
| 245 | _aInfluence of Seeding Time and Varying Levels of Nitrogen on the Growth, Yield and Quality of Coriander (Coriandrum Sativum L.) | ||
| 260 |
_aPusa, Samastipur _bRAU _c1991 |
||
| 300 | _a116P. | ||
| 502 |
_bMsc. _d1991 |
||
| 650 | _aAgronomy | ||
| 650 | _aMsc. | ||
| 942 |
_2ddc _cT |
||
| 999 |
_c50461 _d50461 |
||